00942nam a2200253 i 4500003000900000005001700009007000300026008004100029040003000070082001400100100002800114245007400142264003600216300002800252336002700280337003400307338002800341505028100369700000300650700000300653700002600656700000300682700000300685DO-SdBNP20240215130239.0ta240215s1995 dr 000 p spa d aDO-SdBNPbspacBNPHUerda bP438L222 aPérez, Césareautor10aLos orígenes de las alianzas entre PLD y el PRSC /cCésar Pérez 1aSanto Domingo :bBúho,c1995. a41 páginas, c22 cm. 2rdacontentatextobtxt 2rdamediaasin mediación bn 2rdacarrieravolumenbnc aLos bloques de clases y la transición democrática en la República Dominicana 17|El nuevo bloque y los cambios en el pensamiento de Bosh 19|De la coincidencia ideológica a la coincidencia política 26|La apuesta del PLD y el intento de crear otro bloque conservador 37  1 aCordero Hache, Gloria